000
00341nam a22001457a 4500
008
230317b ||||| |||| 00| 0 eng d
020
_a
9780721684819
041
_a
eng
080
_a
616.31
082
_a
616.31BEN
100
_a
12
101
_a
STOMATOLOGJI
245
_a
MEDICAL EMERGENCIES IN DENTISTRY
_c
BENNETT.D.J
942
_2
udc
_c
BK
999
_c
59386
_d
59386